000 00682nam a2200289Ia 4500
005 20260324144337.0
008 008 260324s9999 xx 000 0 eng d
020 _a9781003057253
037 _aEBOOK
040 _aCRL
040 _beng
040 _cCRL
041 _2eng
041 _aeng
084 _qCRL
100 _aRichard Vangermeersch
_91218976
245 0 _aAlexander Hamilton Church
245 2 _bA Man of Ideas for All Seasons
260 _bTaylor and Francis
260 _c1988
365 _a
365 _b150
856 _uhttp://www.taylorfrancis.com/books/9781003057253
942 _cEBOOK
999 _c1825474
_d1825474